One Piece - Qui sont ces personnages? [Version enfant] - Statistiques

Statistiques générales
  • Ce quiz a été pris 226 fois
    57 depuis la dernière actualisation
  • Le résultat moyen est 57 sur 77
Statistiques - réponses
Par images Réponse % Correct
Kaku
100%
Rob Lucci
100%
Boa Hancock
98%
Dracule Mihawk "Œil de Faucon"
98%
Gecko Moria
98%
Jinbei
98%
Bartholomew Kuma
96%
Don Quichotte Doflamingo
96%
Trafalgar D. Water Law
96%
Kalifa
94%
Marco
94%
King
91%
Magellan
91%
Marshall D. Teach "Barbe noire"
91%
Perona
91%
Queen
91%
Tashigi
91%
Blueno
89%
Edward Newgate "Barbe Blanche"
89%
Jewerly Bonney
89%
Smoker
89%
Léo
87%
Spandam
87%
Capone "Gang" Bege
85%
Eustass "Captain" Kid
85%
Monkey D. Garp
85%
Ulti
85%
Basil Hawkins
83%
Cavendish
83%
Crocodile
83%
Scratchmen Apoo
83%
Borsalino "Kizaru"
81%
Izou
81%
Jack
81%
Joz
81%
Sakazuki "Akainu"
81%
Sengoku
81%
Trébol
81%
Black Maria
79%
Killer
79%
Kuzan
79%
Urouge
79%
X. Drake
79%
Jabra
77%
Bartolomeo
74%
Page One
74%
Hannyabal
72%
Vista
72%
Diamante
70%
Hajrudin
70%
Hina
70%
Pica
70%
Sasaki
70%
Absalom
68%
Don Sai
68%
Señor Pink
68%
Dr.Hogback
66%
Who's-Who
66%
Ideo
64%
Lao G
64%
Jora
60%
Fukuro
57%
Gladius
57%
Monet
57%
Kumadori
55%
Victoria Cindry
55%
Sadi
53%
Machvise
49%
Saldeath
43%
Gerd
40%
Aramaki "Ryokugyû"
36%
Domino
36%
Issho "Fujitora"
36%
Orlumbus
36%
Road
26%
Goldberg
19%
Stansen
19%
Aucun quiz correspondant
Distribution des résultats
% des personnes avec chaque résultat
Percentile par nombre de réponses
Votre historique - résultats
Vous n’avez pas pris ce quiz depuis la dernière actualisation